000 00578nam a2200205Ia 4500
005 20260429112031.0
008 260429s9999||||xx |||||||||||||| ||und||
020 _a9781032194820
041 _aEnglish
082 _a791.019
_bFRI
100 _aFriedlander, Kathryn
245 0 _aPsychology of creative performance and expertise /
_cKathryn Friedlander
250 _a1st ed.
260 _aUnited Kingdom :
_bRoutledge,
_c2025.
300 _axii, 529 p.; pbk
650 _a Creative performances
650 _a Psychology
650 _aPublic performances
942 _cTB
999 _c51999
_d51999